[Event "Titled Tuesday intern op 08th Aug Early"]
[Site "Chess.com INT"]
[Date "2023.08.08"]
[Round "1"]
[White "Akobian, Varuzhan"]
[Black "Qiao, Cindy"]
[Result "1-0"]
[WhiteElo "2582"]
[BlackElo "1785"]
[PlyCount "89"]
[EventDate "2023.08.08"]
[EventType "swiss (blitz)"]
[EventRounds "11"]
[EventCountry "USA"]
[SourceTitle "EXT 2024"]
[Source "ChessBase"]
[SourceDate "2023.10.10"]
[SourceVersion "1"]
[SourceVersionDate "2023.10.10"]
[SourceQuality "1"]

1. d4 d5 2. c4 e6 3. Nc3 Nf6 4. cxd5 exd5 5. Bg5 Nbd7 6. e3 c6 7. Bd3 Be7 8. Qc2 Nh5 9. Bxe7 Qxe7 10. Nge2 g6 11. 0-0 0-0 12. Rab1 Nb6 13. b4 a6 14. a4 Be6 15. Rfc1 Rfc8 16. h3 Ng7 17. Nf4 Bf5 18. Nce2 Bxd3 19. Nxd3 Nc4 20. Qc3 b5 21. a5 Ne6 22. Nef4 Ng5 23. Nc5 Ne4 24. Nxe4 Qxe4 25. Nd3 Rf8 26. Nc5 Qe7 27. Re1 f5 28. Qd3 Qg5 29. Ne6 Qe7 30. Nxf8 Rxf8 31. Re2 Qg5 32. f3 Rd8 33. e4 f4 34. exd5 Rxd5 35. Qe4 Ne3 36. Rc1 Rd6 37. Rxc6 Rxc6 38. Qxc6 Qf5 39. Qe4 Qg5 40. Qe8+ Kg7 41. Qe5+ Qxe5 42. dxe5 Kf7 43. Rxe3 fxe3 44. f4 Ke6 45. Kf1 1-0

[Event "Titled Tuesday intern op 08th Aug Early"]
[Site "Chess.com INT"]
[Date "2023.08.08"]
[Round "2"]
[White "Kleiman, Jake"]
[Black "Qiao, Cindy"]
[Result "0-1"]
[WhiteElo "2399"]
[BlackElo "1785"]
[PlyCount "76"]
[EventDate "2023.08.08"]
[EventType "swiss (blitz)"]
[EventRounds "11"]
[EventCountry "USA"]
[SourceTitle "EXT 2024"]
[Source "ChessBase"]
[SourceDate "2023.10.10"]
[SourceVersion "1"]
[SourceVersionDate "2023.10.10"]
[SourceQuality "1"]

1. c4 e5 2. Nc3 Nf6 3. Nf3 Nc6 4. e3 d5 5. cxd5 Nxd5 6. Bb5 Nxc3 7. bxc3 Bd6 8. d4 exd4 9. cxd4 0-0 10. 0-0 Bg4 11. h3 Bh5 12. Rb1 Qf6 13. Be2 Rab8 14. Qa4 a6 15. Ba3 Rfe8 16. Bxd6 Qxd6 17. Rfc1 h6 18. Rc5 Bg6 19. Rbc1 Re7 20. Bf1 Nd8 21. Ne5 Be4 22. Qb3 Ne6 23. R5c3 c6 24. Qb6 Ree8 25. a4 Nc7 26. Nc4 Qd7 27. Qc5 Nd5 28. Nb6 Nxb6 29. Qxb6 Bd5 30. Rb1 Qe6 31. Qc5 Qg6 32. Rb6 Qe6 33. Rc1 Rec8 34. Rcb1 Qg6 35. R1b2 Rc7 36. Rxa6 Re8 37. Rab6 Ree7 38. Qd6 Qxd6 0-1

[Event "Titled Tuesday intern op 08th Aug Early"]
[Site "Chess.com INT"]
[Date "2023.08.08"]
[Round "8"]
[White "Qiao, Cindy"]
[Black "Przybylski, Wojciech"]
[Result "1-0"]
[WhiteElo "1785"]
[BlackElo "2308"]
[PlyCount "97"]
[EventDate "2023.08.08"]
[EventType "swiss (blitz)"]
[EventRounds "11"]
[EventCountry "USA"]
[SourceTitle "EXT 2024"]
[Source "ChessBase"]
[SourceDate "2023.10.10"]
[SourceVersion "1"]
[SourceVersionDate "2023.10.10"]
[SourceQuality "1"]

1. d4 Nf6 2. Bf4 Nd5 3. Bg3 Nf6 4. Nc3 d5 5. Nb5 Na6 6. e3 c6 7. Nc3 Nc7 8. Nf3 Bf5 9. h3 h6 10. Be2 e6 11. 0-0 Bb4 12. Ne5 Bxc3 13. bxc3 Ne4 14. c4 Nc3 15. Qe1 Nxe2+ 16. Qxe2 f6 17. Qh5+ g6 18. Nxg6 Rh7 19. Nh4+ Kf8 20. Nxf5 exf5 21. Qxf5 Rg7 22. Bxc7 Rxc7 23. Qg6 dxc4 24. Qxh6+ Kg8 25. f4 Rg7 26. f5 Qe7 27. Rae1 Qe4 28. Re2 Rf8 29. Rf4 Qd5 30. Ref2 Re8 31. Rh4 Rxe3 32. Qxe3 Kf7 33. Qe6+ Qxe6 34. fxe6+ Kxe6 35. c3 b5 36. Rhf4 a5 37. Rxf6+ Kd5 38. R2f5+ Ke4 39. Re5+ Kd3 40. Rf3+ Kd2 41. Kf2 b4 42. Re2+ Kd1 43. Rb2 Kc1 44. Re2 b3 45. axb3 cxb3 46. c4 a4 47. g4 b2 48. Kg3 b1Q 49. Rf1# 1-0

[Event "Titled Tuesday intern op 08th Aug Early"]
[Site "Chess.com INT"]
[Date "2023.08.08"]
[Round "5"]
[White "Santos Flores, Alberto Javier"]
[Black "Qiao, Cindy"]
[Result "1-0"]
[WhiteElo "2200"]
[BlackElo "1785"]
[PlyCount "155"]
[EventDate "2023.08.08"]
[EventType "swiss (blitz)"]
[EventRounds "11"]
[EventCountry "USA"]
[SourceTitle "EXT 2024"]
[Source "ChessBase"]
[SourceDate "2023.10.10"]
[SourceVersion "1"]
[SourceVersionDate "2023.10.10"]
[SourceQuality "1"]

1. e4 d5 2. exd5 Qxd5 3. Nf3 Nf6 4. d4 g6 5. c4 Qd6 6. Nc3 Bg7 7. Be2 c6 8. 0-0 0-0 9. h3 Be6 10. Re1 Na6 11. Be3 Qb4 12. a3 Qa5 13. Qd2 Qd8 14. Bh6 Nc7 15. Bxg7 Kxg7 16. Qe3 h6 17. Ne5 Qc8 18. Rad1 Rd8 19. Bf3 Rb8 20. g4 Nd7 21. d5 cxd5 22. cxd5 Nf6 23. dxe6 Qxe6 24. Nd3 Qa6 25. Nc5 Qb6 26. b4 e6 27. Rxd8 Rxd8 28. Nxb7 Rd7 29. Qxb6 axb6 30. Rd1 Ncd5 31. Nxd5 exd5 32. Nc5 bxc5 33. bxc5 Rc7 34. Rc1 Ra7 35. c6 Rc7 36. a4 Kf8 37. Be2 Ke7 38. Bb5 Kd6 39. Re1 d4 40. f3 Nd5 41. Rd1 Kc5 42. Rc1+ Kd6 43. Kf2 Nc3 44. Rc2 Kc5 45. Rd2 Kd5 46. Rd3 Kc5 47. Ke1 Nxb5 48. axb5 Kxb5 49. Rxd4 Rxc6 50. Rd7 Rf6 51. Ke2 Kc6 52. Rd1 Re6+ 53. Kf2 Kc5 54. Kg3 Re7 55. f4 Kc4 56. f5 gxf5 57. gxf5 Re3+ 58. Kg4 Re4+ 59. Kh5 Rf4 60. Kxh6 Rxf5 61. h4 Rf4 62. h5 Rh4 63. Kg5 Rh2 64. h6 f5 65. Rd6 Kc5 66. Rf6 Kd5 67. Kxf5 Rf2+ 68. Kg6 Rh2 69. Kg7 Rg2+ 70. Rg6 Rh2 71. h7 Re2 72. h8Q Re7+ 73. Kh6 Re2 74. Qg8+ Kd4 75. Rd6+ Ke3 76. Re6+ Kf2 77. Rxe2+ Kxe2 78. Qf7 1-0

[Event "Titled Tuesday intern op 25th Jul Early"]
[Site "Chess.com INT"]
[Date "2023.07.25"]
[Round "9"]
[White "Qiao, Cindy"]
[Black "Bilan, Danila"]
[Result "0-1"]
[WhiteElo "1785"]
[BlackElo "2303"]
[PlyCount "106"]
[EventDate "2023.07.25"]
[EventType "swiss (blitz)"]
[EventRounds "11"]
[EventCountry "USA"]
[SourceTitle "EXT 2024"]
[Source "ChessBase"]
[SourceDate "2023.10.10"]
[SourceVersion "1"]
[SourceVersionDate "2023.10.10"]
[SourceQuality "1"]

1. d4 d5 2. Bf4 Nf6 3. e3 c5 4. Nf3 Nc6 5. Nbd2 Qb6 6. dxc5 Qxc5 7. a3 Bg4 8. b4 Qb6 9. h3 Bh5 10. c4 e6 11. Be2 Be7 12. 0-0 0-0 13. Re1 Rac8 14. Rc1 a5 15. c5 Qa7 16. b5 Nb8 17. b6 Qa8 18. Bc7 Ne8 19. Bxb8 Qxb8 20. Nb3 a4 21. Nbd4 Bxc5 22. Rb1 Qa8 23. Nc2 Nd6 24. Ne5 Bxe2 25. Qxe2 Ne4 26. Qd3 Rfd8 27. Rec1 Qa5 28. Nd4 Bxd4 29. Qxd4 Nc3 30. Kh2 Nxb1 31. Rxb1 Qc3 32. Qf4 f6 33. Nf3 Rc4 34. Qg3 Qxa3 35. Rd1 Qd6 36. Nd4 Qxg3+ 37. Kxg3 Rd6 38. Rb1 e5 39. Nf5 Rd7 40. Nh4 Kf7 41. Nf3 Ke6 42. Nd2 Rc2 43. Nf3 a3 44. Rb3 a2 45. Ra3 Rd6 46. Ne1 Rd2 47. Nf3 Rb2 48. Ne1 Rdxb6 49. Nd3 Rd2 50. Nc5+ Kd6 51. Na4 Ra6 52. f4 b5 53. Nc3 Rxa3 0-1

[Event "Titled Tuesday intern op 25th Jul Early"]
[Site "Chess.com INT"]
[Date "2023.07.25"]
[Round "7"]
[White "Qiao, Cindy"]
[Black "Tqebuchava, Zurab"]
[Result "1-0"]
[WhiteElo "1785"]
[BlackElo "2303"]
[PlyCount "91"]
[EventDate "2023.07.25"]
[EventType "swiss (blitz)"]
[EventRounds "11"]
[EventCountry "USA"]
[SourceTitle "EXT 2024"]
[Source "ChessBase"]
[SourceDate "2023.10.10"]
[SourceVersion "1"]
[SourceVersionDate "2023.10.10"]
[SourceQuality "1"]

1. d4 d6 2. Bf4 g6 3. Nc3 Bg7 4. e4 c6 5. Qd2 Nd7 6. Nf3 b5 7. e5 b4 8. Ne4 d5 9. Neg5 e6 10. Nxf7 Kxf7 11. Ng5+ Ke7 12. Qxb4+ c5 13. dxc5 Rb8 14. Qa3 Bxe5 15. c6+ Kf6 16. cxd7 Bxf4 17. dxc8Q Qxc8 18. Nf3 Qxc2 19. Bd3 Qxb2 20. Qxb2+ Rxb2 21. 0-0 Ne7 22. a4 e5 23. Bb5 Nf5 24. Rfd1 Rd8 25. Ne1 e4 26. g3 Be5 27. Rab1 Rxb1 28. Rxb1 d4 29. Kf1 d3 30. Rd1 Nd4 31. Bxd3 exd3 32. Rxd3 Ne6 33. Rf3+ Ke7 34. Re3 Rd1 35. Rxe5 Ra1 36. Re4 a5 37. Kg2 Kf6 38. Nd3 Ng5 39. Rf4+ Kg7 40. Nc5 Nf7 41. Ne6+ Kg8 42. Nc5 Rc1 43. Nb7 Nd6 44. Nxd6 Rd1 45. Nb7 Ra1 46. Nxa5 1-0

[Event "Titled Tuesday intern op 25th Jul Early"]
[Site "Chess.com INT"]
[Date "2023.07.25"]
[Round "2"]
[White "Timmermans, Mark"]
[Black "Qiao, Cindy"]
[Result "1-0"]
[WhiteElo "2392"]
[BlackElo "1785"]
[PlyCount "35"]
[EventDate "2023.07.25"]
[EventType "swiss (blitz)"]
[EventRounds "11"]
[EventCountry "USA"]
[SourceTitle "EXT 2024"]
[Source "ChessBase"]
[SourceDate "2023.10.10"]
[SourceVersion "1"]
[SourceVersionDate "2023.10.10"]
[SourceQuality "1"]

1. b4 d5 2. Bb2 Nf6 3. e3 Bf5 4. c4 e6 5. b5 Be7 6. Nf3 Nbd7 7. Be2 0-0 8. 0-0 c6 9. Nd4 c5 10. Nxf5 exf5 11. a4 dxc4 12. Bxc4 Nb6 13. Be2 Nbd5 14. d4 cxd4 15. Qxd4 Re8 16. Rd1 Qc7 17. Nc3 Bc5 18. Nxd5 1-0

[Event "Titled Tuesday intern op 30th May Late"]
[Site "Chess.com INT"]
[Date "2023.05.30"]
[Round "6"]
[White "Qiao, Cindy"]
[Black "Iskusnyh, Sergei"]
[Result "1-0"]
[WhiteElo "1785"]
[BlackElo "2440"]
[PlyCount "73"]
[EventDate "2023.05.30"]
[EventType "swiss (blitz)"]
[EventRounds "11"]
[EventCountry "USA"]
[SourceTitle "CBM 214 Extra"]
[Source "ChessBase"]
[SourceDate "2023.07.31"]
[SourceVersion "1"]
[SourceVersionDate "2023.07.31"]
[SourceQuality "1"]

1. d4 Nf6 2. Nf3 g6 3. Bf4 Bg7 4. Nc3 d5 5. Nb5 Na6 6. e3 0-0 7. h3 Ne4 8. Bd3 c6 9. Nc3 Nxc3 10. bxc3 Qa5 11. Qd2 c5 12. 0-0 Bd7 13. Rfb1 Bc6 14. Ne5 cxd4 15. exd4 Rac8 16. Nxc6 bxc6 17. Rb7 e5 18. Rxa7 exf4 19. Rxa6 Qc7 20. Rb1 Rce8 21. Rab6 c5 22. Rb7 Qc8 23. Be2 cxd4 24. cxd4 Bxd4 25. Qxd4 Rxe2 26. Qxd5 Qxc2 27. Qf3 Qxa2 28. Qxf4 Re6 29. Rb8 Rxb8 30. Rxb8+ Kg7 31. Qd4+ Kh6 32. Rg8 Qb1+ 33. Kh2 Qe4 34. Qg7+ Kg5 35. Qxf7 Rf6 36. Qb3 Rf7 37. Qxf7 1-0

[Event "Titled Tuesday intern op 30th May Late"]
[Site "Chess.com INT"]
[Date "2023.05.30"]
[Round "11"]
[White "Qiao, Cindy"]
[Black "Ladan, Nicholas John"]
[Result "1/2-1/2"]
[WhiteElo "1785"]
[BlackElo "2228"]
[PlyCount "218"]
[EventDate "2023.05.30"]
[EventType "swiss (blitz)"]
[EventRounds "11"]
[EventCountry "USA"]
[SourceTitle "CBM 214 Extra"]
[Source "ChessBase"]
[SourceDate "2023.07.31"]
[SourceVersion "1"]
[SourceVersionDate "2023.07.31"]
[SourceQuality "1"]

1. e4 e5 2. Nf3 Nc6 3. Bb5 a6 4. Ba4 Bc5 5. 0-0 Nge7 6. c3 Ba7 7. d4 Ng6 8. Bg5 f6 9. Be3 0-0 10. h4 d6 11. Bb3+ Kh8 12. h5 Nge7 13. h6 g6 14. Nbd2 Bg4 15. Qc2 exd4 16. cxd4 d5 17. e5 fxe5 18. Nxe5 Nxe5 19. dxe5 Bxe3 20. fxe3 Qd7 21. Rf6 Rxf6 22. exf6 Nc6 23. Qc5 d4 24. e4 Qd6 25. Qxd6 cxd6 26. Nc4 Rd8 27. Nb6 d3 28. Kh2 Be2 29. Nd5 Ne5 30. Kg3 Ng4 31. Rh1 Rf8 32. f7 Rxf7 33. Ne3 Nxe3 34. Bxf7 d2 35. Bb3 d1Q 36. Bxd1 Bxd1 37. Kf2 Ng4+ 38. Kg3 Ne3 39. Re1 Kg8 40. Rxe3 Ba4 41. Rf3 Bc6 42. Kf4 Kf7 43. Rc3 Ke6 44. b4 Kf6 45. a3 g5+ 46. Ke3 Kg6 47. Rd3 Kxh6 48. Rxd6+ Kh5 49. e5 h6 50. e6 Kg6 51. e7+ Kf7 52. Rxh6 Kxe7 53. Rg6 Bxg2 54. Rxg5 Bc6 55. Kd4 Kd7 56. Kc5 Kc7 57. Rg7+ Bd7 58. a4 b6+ 59. Kd4 Kc8 60. a5 bxa5 61. bxa5 Bb5 62. Kc5 Kb8 63. Kb6 Kc8 64. Rg8+ Kd7 65. Kb7 Bc6+ 66. Kb6 Bb5 67. Rg1 Kd6 68. Rc1 Kd7 69. Kb7 Kd6 70. Rc3 Kd7 71. Rb3 Bf1 72. Kb6 Kd6 73. Rc3 Kd7 74. Rc5 Be2 75. Re5 Bf1 76. Rf5 Be2 77. Rf2 Bb5 78. Rd2+ Kc8 79. Rd5 Bf1 80. Rd6 Be2 81. Re6 Bf1 82. Rf6 Be2 83. Kc6 Bb5+ 84. Kd6 Be2 85. Rf2 Bb5 86. Kc5 Bd3 87. Kb6 Bb5 88. Rc2+ Kd7 89. Kb7 Kd6 90. Kb6 Kd7 91. Rc5 Bf1 92. Rc7+ Kd6 93. Ra7 Be2 94. Rf7 Bb5 95. Kb7 Bc6+ 96. Kb6 Bb5 97. Rc7 Bf1 98. Rc8 Bb5 99. Rd8+ Ke7 100. Rd2 Bf1 101. Kb7 Bb5 102. Rb2 Bf1 103. Rb6 Kd7 104. Rc6 Bg2 105. Kxa6 Bxc6 106. Kb6 Bh1 107. a6 Bg2 108. a7 Kc8 109. a8Q+ Bxa8 1/2-1/2

[Event "Titled Tuesday intern op 23rd May Late"]
[Site "Chess.com INT"]
[Date "2023.05.23"]
[Round "2"]
[White "Dardha, Daniel"]
[Black "Qiao, Cindy"]
[Result "1-0"]
[WhiteElo "2631"]
[BlackElo "1785"]
[PlyCount "77"]
[EventDate "2023.05.23"]
[EventType "swiss (blitz)"]
[EventRounds "11"]
[EventCountry "USA"]
[SourceTitle "EXT 2024"]
[Source "ChessBase"]
[SourceDate "2023.10.10"]
[SourceVersion "1"]
[SourceVersionDate "2023.10.10"]
[SourceQuality "1"]

1. g4 d5 2. Bh3 Nc6 3. d4 Nf6 4. g5 Ne4 5. f3 Nd6 6. Nc3 e6 7. e4 Nc4 8. Nge2 Be7 9. Rg1 a6 10. b3 Nb6 11. Be3 e5 12. Bxc8 Rxc8 13. dxe5 Nxe5 14. Rg3 dxe4 15. Nxe4 0-0 16. f4 Nc6 17. f5 f6 18. g6 Qxd1+ 19. Rxd1 h6 20. Nf4 Bb4+ 21. c3 Rfe8 22. Ne6 Bf8 23. Kf2 Ne7 24. Nxf8 Rxf8 25. Rf3 Rfd8 26. Re1 Ned5 27. Bc5 Re8 28. c4 Ne7 29. Bxe7 Rxe7 30. Nxf6+ gxf6 31. Rxe7 Rd8 32. Rfe3 Nd7 33. Re8+ Rxe8 34. Rxe8+ Nf8 35. Rxf8+ Kxf8 36. h3 Kg7 37. Ke2 h5 38. Kd2 h4 39. Ke2 1-0

[Event "Titled Tuesday intern op 23rd May Late"]
[Site "Chess.com INT"]
[Date "2023.05.23"]
[Round "9"]
[White "Kisic, Bozidar"]
[Black "Qiao, Cindy"]
[Result "1/2-1/2"]
[WhiteElo "2216"]
[BlackElo "1785"]
[PlyCount "147"]
[EventDate "2023.05.23"]
[EventType "swiss (blitz)"]
[EventRounds "11"]
[EventCountry "USA"]
[SourceTitle "EXT 2024"]
[Source "ChessBase"]
[SourceDate "2023.10.10"]
[SourceVersion "1"]
[SourceVersionDate "2023.10.10"]
[SourceQuality "1"]

1. d4 d5 2. c4 e6 3. Nc3 Nf6 4. cxd5 exd5 5. Bg5 Nbd7 6. e3 Be7 7. Bd3 c6 8. Qc2 Nh5 9. Bxe7 Qxe7 10. Nge2 g6 11. h3 Ndf6 12. g4 Ng7 13. Ng3 Be6 14. 0-0-0 0-0-0 15. Kb1 Kb8 16. Rc1 Qb4 17. a3 Qb6 18. Na4 Qa5 19. Nc5 Bc8 20. Ka2 Ne6 21. b4 Qb6 22. Rb1 Ne8 23. Rhc1 Nd6 24. a4 Ka8 25. b5 cxb5 26. Bxb5 Qa5 27. Nxe6 Bxe6 28. Qc7 Qxc7 29. Rxc7 Rc8 30. Rbc1 Rxc7 31. Rxc7 Kb8 32. Rc1 Rc8 33. Rxc8+ Kxc8 34. Kb2 Nxb5 35. axb5 Bd7 36. b6 axb6 37. Kc3 Kc7 38. Kb4 Kd6 39. f3 f5 40. Ne2 h5 41. gxh5 gxh5 42. h4 Kc6 43. Nf4 Be8 44. Nd3 Kd6 45. Ne5 Ke6 46. Nd3 Kd6 47. Nf4 Kc6 48. Ne2 Kd6 49. Ng3 Ke6 50. f4 Kf6 51. Ne2 Ke6 52. Nc1 Kd6 53. Nd3 Ke6 54. Nb2 Kd6 55. Nd1 Ke6 56. Nc3 Kd6 57. Ne2 Ke6 58. Ng3 Kf6 59. Kc3 Ke6 60. Ne2 Bb5 61. Ng3 Be8 62. Kd2 Kd6 63. Ne2 Ke6 64. Ng3 Kf6 65. Ke2 Ke6 66. Kf3 Kf6 67. Ne2 Ke6 68. Nc1 Kf6 69. Nd3 Ke6 70. Nb4 Kd6 71. Ke2 Ke6 72. Kd2 Kd6 73. Nd3 Ke6 74. Ne5 1/2-1/2

[Event "Titled Tuesday intern op 23rd May Late"]
[Site "Chess.com INT"]
[Date "2023.05.23"]
[Round "10"]
[White "Qiao, Cindy"]
[Black "Bruedigam, Martin"]
[Result "0-1"]
[WhiteElo "1785"]
[BlackElo "2381"]
[PlyCount "195"]
[EventDate "2023.05.23"]
[EventType "swiss (blitz)"]
[EventRounds "11"]
[EventCountry "USA"]
[SourceTitle "EXT 2024"]
[Source "ChessBase"]
[SourceDate "2023.10.10"]
[SourceVersion "1"]
[SourceVersionDate "2023.10.10"]
[SourceQuality "1"]

1. d4 d5 2. Bf4 c5 3. e3 cxd4 4. exd4 Nc6 5. c3 Nf6 6. Nf3 Bg4 7. Nbd2 e6 8. Be2 Be7 9. 0-0 0-0 10. Re1 Bh5 11. Ne5 Bxe2 12. Qxe2 Nxe5 13. Bxe5 a6 14. Bxf6 Bxf6 15. Nf3 b5 16. a3 Qb6 17. Ne5 Bxe5 18. Qxe5 a5 19. Re3 b4 20. axb4 axb4 21. Rae1 bxc3 22. bxc3 Ra6 23. h4 Qd6 24. Qg5 Qd8 25. Qg4 Qe7 26. Rg3 g6 27. h5 Rfa8 28. Ree3 Ra1+ 29. Kh2 Rf1 30. hxg6 hxg6 31. Qf4 Raa1 32. Rg4 Rh1+ 33. Kg3 Rh5 34. Qb8+ Kg7 35. Rf3 Ra7 36. Qf4 Qc7 37. Qxc7 Rxc7 38. Rgf4 Rh1 39. Re3 Rc1 40. Rff3 Rc6 41. Kh2 g5 42. Rd3 Kg6 43. g3 Ra6 44. Kg2 g4 45. Rf4 f5 46. Rd2 Raa1 47. f3 Rg1+ 48. Kh2 Rh1+ 49. Kg2 Rag1+ 50. Kf2 gxf3 51. Kxf3 Rc1 52. Rd3 Rh2 53. g4 Rhc2 54. gxf5+ exf5 55. Ke3 Rxc3 56. Rf3 Rxd3+ 57. Kxd3 Ra1 58. Rf2 Ra3+ 59. Ke2 Kg5 60. Rf1 f4 61. Rh1 Kf5 62. Rh5+ Ke4 63. Kd2 Kxd4 64. Rf5 Ra2+ 65. Kc1 Ke4 66. Rf7 f3 67. Re7+ Kd3 68. Kb1 Rh2 69. Rf7 Ke3 70. Re7+ Kf2 71. Rf7 Rh1+ 72. Kc2 Re1 73. Kd2 Re5 74. Rg7 Kf1 75. Rf7 f2 76. Rf3 Kg2 77. Rf7 f1Q 78. Rxf1 Kxf1 79. Kd3 Re4 80. Kd2 Kf2 81. Kd3 Kf3 82. Kd2 Kf4 83. Kd3 Ke5 84. Kc3 d4+ 85. Kd3 Kd5 86. Kd2 Kc4 87. Kc2 Re3 88. Kd2 Re4 89. Kc2 Re5 90. Kd1 Re6 91. Kd2 Re7 92. Kc2 Re2+ 93. Kd1 d3 94. Kc1 Kc3 95. Kd1 Ra2 96. Ke1 d2+ 97. Kf2 d1Q+ 98. Ke3 0-1

[Event "Titled Tuesday intern op 16th May Late"]
[Site "Chess.com INT"]
[Date "2023.05.16"]
[Round "1"]
[White "Smirnov, Pavel"]
[Black "Qiao, Cindy"]
[Result "1-0"]
[WhiteElo "2545"]
[BlackElo "1785"]
[PlyCount "59"]
[EventDate "2023.05.16"]
[EventType "swiss (blitz)"]
[EventRounds "11"]
[EventCountry "USA"]
[SourceTitle "CBM 214 Extra"]
[Source "ChessBase"]
[SourceDate "2023.07.31"]
[SourceVersion "1"]
[SourceVersionDate "2023.07.31"]
[SourceQuality "1"]

1. d4 d5 2. c4 e6 3. Nf3 Nf6 4. g3 Be7 5. Bg2 0-0 6. 0-0 dxc4 7. Qc2 a6 8. a4 Bd7 9. Qxc4 Bc6 10. Bg5 h6 11. Bxf6 Bxf6 12. Nc3 Nd7 13. e4 Nb6 14. Qd3 a5 15. Rfd1 Qe8 16. b3 Rd8 17. Qe3 Be7 18. Ne5 Bb4 19. Na2 Be7 20. Rac1 Ba3 21. Rc2 Rd6 22. h4 f6 23. Nd3 Qd8 24. Nc5 e5 25. d5 Bxc5 26. Qxc5 Nxa4 27. Qa3 Nb6 28. Rdc1 Bb5 29. Rxc7 Qa8 30. Qxd6 1-0

[Event "Titled Tuesday intern op 09th May Late"]
[Site "Chess.com INT"]
[Date "2023.05.09"]
[Round "8"]
[White "Dragomirescu, Robin Alexandru"]
[Black "Qiao, Cindy"]
[Result "0-1"]
[WhiteElo "2337"]
[BlackElo "1785"]
[PlyCount "122"]
[EventDate "2023.05.09"]
[EventType "swiss (blitz)"]
[EventRounds "11"]
[EventCountry "USA"]
[SourceTitle "CBM 214 Extra"]
[Source "ChessBase"]
[SourceDate "2023.07.31"]
[SourceVersion "1"]
[SourceVersionDate "2023.07.31"]
[SourceQuality "1"]

1. b3 d5 2. Bb2 Nf6 3. Nf3 Nbd7 4. e3 g6 5. c4 c6 6. cxd5 cxd5 7. Nc3 e6 8. d4 Bg7 9. Bd3 0-0 10. 0-0 a6 11. Ne5 Nxe5 12. dxe5 Nd7 13. f4 b5 14. Ne2 Bb7 15. Nd4 Nc5 16. Ba3 Rc8 17. Rc1 Qb6 18. Qd2 Rfd8 19. Bxc5 Rxc5 20. Rxc5 Qxc5 21. Rc1 Qb6 22. b4 Bf8 23. a3 Bg7 24. g4 f6 25. exf6 Bxf6 26. Nf3 d4 27. e4 Qa7 28. Rc7 Qa8 29. Qc2 Rc8 30. g5 Bg7 31. Kf2 Rxc7 32. Qxc7 Bxe4 33. Bxe4 Qxe4 34. Qd8+ Bf8 35. Qxd4 Qc2+ 36. Kg3 Qb3 37. Qd7 Qd5 38. Qxd5 exd5 39. Ne5 Bg7 40. Kf3 Kf8 41. Ke3 Ke7 42. Nc6+ Kd6 43. Nd4 h6 44. h4 hxg5 45. hxg5 Bf8 46. Nb3 Bg7 47. Nc5 Bb2 48. Nxa6 Bxa3 49. Kf3 Kc6 50. Kg4 Kb6 51. Nc5 Bxb4 52. Nd3 Bc3 53. f5 gxf5+ 54. Kxf5 b4 55. Ne5 b3 56. g6 b2 57. g7 b1Q+ 58. Ke6 Qg1 59. Kf7 Bxe5 60. g8Q Qxg8+ 61. Kxg8 d4 0-1

[Event "Titled Tuesday intern op 09th May Early"]
[Site "Chess.com INT"]
[Date "2023.05.09"]
[Round "4"]
[White "Lakshmi, Chidambaram"]
[Black "Qiao, Cindy"]
[Result "0-1"]
[WhiteElo "1928"]
[BlackElo "1785"]
[PlyCount "68"]
[EventDate "2023.05.09"]
[EventType "swiss (blitz)"]
[EventRounds "11"]
[EventCountry "USA"]
[SourceTitle "CBM 214 Extra"]
[Source "ChessBase"]
[SourceDate "2023.07.31"]
[SourceVersion "1"]
[SourceVersionDate "2023.07.31"]
[SourceQuality "1"]

1. e4 c5 2. Nf3 d6 3. d4 cxd4 4. Nxd4 Nf6 5. Nc3 g6 6. Be2 Bg7 7. 0-0 Nc6 8. Be3 0-0 9. Nb3 Bd7 10. f4 Rc8 11. Bf3 a6 12. Nd5 Nxd5 13. exd5 Na5 14. Nxa5 Qxa5 15. c3 Qb5 16. Rf2 Bf5 17. Rd2 a5 18. Rc1 Qa6 19. Be2 b5 20. a4 Bd7 21. Qf1 Rb8 22. axb5 Bxb5 23. c4 Ba4 24. Ra1 Bd7 25. c5 Bb5 26. Bxb5 Rxb5 27. c6 e6 28. b4 a4 29. Rb1 exd5 30. Rxd5 Rfb8 31. Rxd6 Qc8 32. Qc4 Rf5 33. Rd7 Qe8 34. Bf2 Rc8 0-1

[Event "Titled Tuesday intern op 18th Apr Late"]
[Site "Chess.com INT"]
[Date "2023.04.18"]
[Round "11"]
[White "Aldokhin, Ivan"]
[Black "Qiao, Cindy"]
[Result "1/2-1/2"]
[WhiteElo "2413"]
[BlackElo "1785"]
[PlyCount "90"]
[EventDate "2023.04.18"]
[EventType "swiss (blitz)"]
[EventRounds "11"]
[EventCountry "USA"]
[SourceTitle "EXT 2024"]
[Source "ChessBase"]
[SourceDate "2023.10.10"]
[SourceVersion "1"]
[SourceVersionDate "2023.10.10"]
[SourceQuality "1"]

1. e4 c5 2. Nf3 d6 3. d4 cxd4 4. Nxd4 Nf6 5. Nc3 g6 6. Bc4 Bg7 7. Bb3 Nc6 8. Be3 Ng4 9. Nxc6 bxc6 10. Bd2 0-0 11. h3 Ne5 12. f4 Nd7 13. 0-0 Qb6+ 14. Kh1 Nc5 15. f5 Nxb3 16. axb3 Bb7 17. Bg5 Rfe8 18. f6 exf6 19. Bxf6 d5 20. Bxg7 Kxg7 21. Qf3 Qc7 22. Rad1 dxe4 23. Nxe4 c5 24. Qf6+ Kg8 25. Nd6 Re7 26. Nxb7 Qxb7 27. Rf3 Rae8 28. Rdf1 Qd5 29. c4 Qb7 30. h4 h5 31. Qg5 Re5 32. Qf6 R5e7 33. Qf4 Kg7 34. R1f2 Rf8 35. Qd6 Qc7 36. Qf6+ Kg8 37. Rf5 Re1+ 38. Rf1 Rxf1+ 39. Rxf1 Qg3 40. Rf3 Qe1+ 41. Kh2 Qe4 42. Rf4 Qc2 43. Rf3 Qe4 44. Rg3 Kh7 45. Rf3 Kg8 1/2-1/2

[Event "Titled Tuesday intern op 04th Apr Late"]
[Site "Chess.com INT"]
[Date "2023.04.04"]
[Round "2"]
[White "Bakalchuk, Johnatan"]
[Black "Qiao, Cindy"]
[Result "1-0"]
[WhiteElo "2451"]
[BlackElo "1785"]
[PlyCount "105"]
[EventDate "2023.04.04"]
[EventType "swiss (blitz)"]
[EventRounds "11"]
[EventCountry "USA"]
[SourceTitle "EXT 2024"]
[Source "ChessBase"]
[SourceDate "2023.10.10"]
[SourceVersion "1"]
[SourceVersionDate "2023.10.10"]
[SourceQuality "1"]

1. c4 e5 2. g3 Nf6 3. Bg2 Bc5 4. Nc3 d6 5. Nf3 0-0 6. 0-0 Nc6 7. d3 Bg4 8. Bg5 h6 9. Bxf6 Qxf6 10. Nd2 Bb6 11. Nd5 Qd8 12. b4 Nd4 13. Re1 c6 14. Nxb6 axb6 15. h3 Bh5 16. a4 Qd7 17. b5 Rfe8 18. Nb3 Ne6 19. Kh2 Nc5 20. Nxc5 bxc5 21. Qb3 Bg6 22. Reb1 e4 23. a5 d5 24. bxc6 bxc6 25. Qb7 Qe6 26. Rb6 Rec8 27. cxd5 Qxd5 28. Ra4 c4 29. a6 cxd3 30. exd3 Qxd3 31. a7 e3 32. Qxa8 Rxa8 33. Rb8+ Rxb8 34. axb8Q+ Kh7 35. fxe3 Qxe3 36. Qf4 Qe6 37. Rc4 c5 38. Rxc5 Qe2 39. Re5 Qa6 40. Re3 Qb6 41. h4 Qc5 42. Qf2 Qd4 43. Qe1 Qf6 44. Be4 Bxe4 45. Rxe4 Qg6 46. Qe2 f5 47. Rf4 Qf6 48. Qf3 Kg6 49. Qf2 Qe5 50. Kh3 Kf6 51. g4 Qc3+ 52. Rf3 Qd4 53. Rxf5+ 1-0